| 000 | 00512nam a22001577a 4500 | ||
|---|---|---|---|
| 003 | NUST | ||
| 082 | _a621 | ||
| 100 |
_aAbdin , Husnain Ul _9122188 |
||
| 245 |
_aExperimental Investigation of Vertical Axis Wind Turbine / _cHusnain Ul Abdin |
||
| 264 |
_aIslamabad: _bSMME- NUST. _c2019. |
||
| 300 |
_a57p. ; _bSoft Copy , _c30cm. |
||
| 650 |
_aMS Mechanical Engineering _9119495 |
||
| 700 |
_aDr Emad Uddin _916253 |
||
| 856 | _uhttp://10.250.8.41:8080/xmlui/handle/123456789/35429 | ||
| 942 |
_2ddc _cTHE |
||
| 999 |
_c608734 _d608734 |
||